000
00268nam a22001217a 4500
082
_a
001
_b
JAY/B
100
_a
JAYAKAR,M.R
245
_a
BUILDERS OF MODERN INDIA
260
_a
INDIA
_b
PUBLICATIONS DIVISION
300
_a
336
650
_a
BIOGRAPHY
_z
INDIA
942
_c
BK
999
_c
6289
_d
6289